| 000 | 00936cam a22002895i 4500 | ||
|---|---|---|---|
| 999 |
_c14354 _d14354 |
||
| 001 | 11807093 | ||
| 003 | EG-ScBUE | ||
| 005 | 20210110121401.0 | ||
| 008 | 991008r20092001enk g 000 1 eng d | ||
| 020 | _a9780751528237 | ||
| 040 |
_aDLC _beng _erda _cDLC _dDLC _dEG-ScBUE |
||
| 043 | _af-ly--- | ||
| 082 | 0 | 4 |
_a813.54 _bDEM _222 |
| 100 | 1 |
_aDeMille, Nelson, _eauthor. _915782 |
|
| 245 | 1 | 4 |
_aThe lion's game / _cNelson DeMille. |
| 264 | 1 |
_aLondon : _bSphere, _c2009. |
|
| 300 |
_a854 pages : _c24 cm |
||
| 336 |
_atext _btxt _2rdacontent |
||
| 337 |
_aunmediated _bn _2rdamedia |
||
| 338 |
_avolume _bnc _2rdacarrier |
||
| 650 | 7 |
_aCorey, John (Fictitious character) _vFiction. _2BUEsh _915783 |
|
| 650 | 7 |
_aTerrorism _xPrevention _vFiction. _2BUEsh _915784 |
|
| 650 | 7 |
_aSerial murders _vFiction. _2BUEsh _915785 |
|
| 651 | 7 |
_aLibya _xHistory _yBombardment, 1986 _vFiction. _2BUEsh _915786 |
|
| 653 |
_bHHUUEENN _cJanuary2021 |
||
| 942 |
_2ddc _cBB |
||